Loading...
Beliefs | 1 | 3 | 2 | 1 | 35 | 70 | 111.25 | 1 | 4 |
History - European History | 1 | 0 | 0 | 0 | 15 | 55 | 55.00 | 1 | 1 |
Current Events | 0 | 1 | 0 | 1 | 10 | 120 | 120.00 | 0 | 1 |
History - American History | 0 | 1 | 0 | 0 | 10 | 80 | 80.00 | 1 | 1 |
Science - Biology | 0 | 1 | 0 | 1 | 10 | 140 | 140.00 | 0 | 1 |
Chemistry> | 0 | 1 | 0 | 1 | 10 | 121 | 121.00 | 0 | 1 |
Other Science: Astronomy | 0 | 1 | 0 | 1 | 10 | 125 | 125.00 | 0 | 1 |
Philosophy | 0 | 1 | 0 | 0 | 10 | 115 | 115.00 | 1 | 1 |
Literature - British Literature | 0 | 1 | 0 | 0 | 10 | 142 | 142.00 | 0 | 1 |
Other Arts: Visual | 0 | 1 | 0 | 0 | 10 | 123 | 123.00 | 0 | 1 |
Fine Arts - Auditory Fine Arts | 0 | 0 | 0 | 0 | 0 | 0.00 | 0 | 0 | |
History - World History | 0 | 0 | 1 | 0 | -5 | 0.00 | 0 | 0 |